<?xml version="1.0" encoding="UTF-8"?>
<record
    xmlns:xsi="http://www.w3.org/2001/XMLSchema-instance"
    xsi:schemaLocation="http://www.loc.gov/MARC21/slim http://www.loc.gov/standards/marcxml/schema/MARC21slim.xsd"
    xmlns="http://www.loc.gov/MARC21/slim">

  <leader>01079nam a22002537a 4500</leader>
  <controlfield tag="003">NALT</controlfield>
  <controlfield tag="005">20260213144142.0</controlfield>
  <controlfield tag="008">                                   tha d</controlfield>
  <datafield tag="020" ind1=" " ind2=" ">
    <subfield code="a">9786163214690</subfield>
  </datafield>
  <datafield tag="040" ind1=" " ind2=" ">
    <subfield code="a">NALT</subfield>
  </datafield>
  <datafield tag="041" ind1=" " ind2=" ">
    <subfield code="a">tha</subfield>
  </datafield>
  <datafield tag="050" ind1=" " ind2=" ">
    <subfield code="a">TR 897.7 </subfield>
    <subfield code="b">&#xE2D;226&#xE27;</subfield>
  </datafield>
  <datafield tag="100" ind1="0" ind2=" ">
    <subfield code="a">&#xE2D;&#xE19;&#xE38;&#xE28;&#xE32;&#xE2A;&#xE19;&#xE4C; &#xE2A;&#xE38;&#xE27;&#xE23;&#xE23;&#xE13;&#xE1E;&#xE23;&#xE2B;&#xE21;</subfield>
    <subfield code="9">36646</subfield>
  </datafield>
  <datafield tag="245" ind1="1" ind2="0">
    <subfield code="a">Vray 2.30 fundamentals &amp; 3ds Max 2013 new feature /</subfield>
    <subfield code="c">&#xE2D;&#xE19;&#xE38;&#xE28;&#xE32;&#xE2A;&#xE19;&#xE4C; &#xE2A;&#xE38;&#xE27;&#xE23;&#xE23;&#xE13;&#xE1E;&#xE23;&#xE2B;&#xE21;, &#xE1E;&#xE35;&#xE23;&#xE1E;&#xE25; &#xE2D;&#xE23;&#xE34;&#xE22;&#xE23;&#xE31;&#xE15;&#xE19;&#xE32;.</subfield>
  </datafield>
  <datafield tag="260" ind1=" " ind2=" ">
    <subfield code="a">&#xE01;&#xE23;&#xE38;&#xE07;&#xE40;&#xE17;&#xE1E;&#xE2F; : </subfield>
    <subfield code="b">&#xE21;.&#xE1B;.&#xE1E;., </subfield>
    <subfield code="c">&#xE21;.&#xE1B;.&#xE1B;.</subfield>
  </datafield>
  <datafield tag="300" ind1=" " ind2=" ">
    <subfield code="a">378 &#xE2B;&#xE19;&#xE49;&#xE32; :</subfield>
    <subfield code="b">&#xE20;&#xE32;&#xE1E;&#xE1B;&#xE23;&#xE30;&#xE01;&#xE2D;&#xE1A; ;</subfield>
    <subfield code="c">21 &#xE0B;&#xE21;.</subfield>
  </datafield>
  <datafield tag="650" ind1=" " ind2="0">
    <subfield code="a">3ds Max</subfield>
    <subfield code="9">36647</subfield>
  </datafield>
  <datafield tag="650" ind1=" " ind2="4">
    <subfield code="a">&#xE17;&#xE23;&#xE35;&#xE14;&#xE35;&#xE40;&#xE2D;&#xE2A;&#xE41;&#xE21;&#xE47;&#xE01;&#xE0B;&#xE4C;</subfield>
    <subfield code="9">36648</subfield>
  </datafield>
  <datafield tag="650" ind1=" " ind2="0">
    <subfield code="a">&#xE01;&#xE32;&#xE23;&#xE2A;&#xE23;&#xE49;&#xE32;&#xE07;&#xE20;&#xE32;&#xE1E;&#xE40;&#xE04;&#xE25;&#xE37;&#xE48;&#xE2D;&#xE19;&#xE44;&#xE2B;&#xE27;&#xE14;&#xE49;&#xE27;&#xE22;&#xE04;&#xE2D;&#xE21;&#xE1E;&#xE34;&#xE27;&#xE40;&#xE15;&#xE2D;&#xE23;&#xE4C;</subfield>
    <subfield code="9">10213</subfield>
  </datafield>
  <datafield tag="650" ind1=" " ind2="0">
    <subfield code="a">&#xE04;&#xE2D;&#xE21;&#xE1E;&#xE34;&#xE27;&#xE40;&#xE15;&#xE2D;&#xE23;&#xE4C;&#xE01;&#xE23;&#xE32;&#xE1F;&#xE34;&#xE01;</subfield>
    <subfield code="9">5834</subfield>
  </datafield>
  <datafield tag="700" ind1="0" ind2=" ">
    <subfield code="9">15146</subfield>
    <subfield code="a">&#xE1E;&#xE35;&#xE23;&#xE1E;&#xE25; &#xE2D;&#xE23;&#xE34;&#xE22;&#xE23;&#xE31;&#xE15;&#xE19;&#xE32;</subfield>
  </datafield>
  <datafield tag="850" ind1=" " ind2=" ">
    <subfield code="a">NALT</subfield>
  </datafield>
  <datafield tag="942" ind1=" " ind2=" ">
    <subfield code="c">GB</subfield>
    <subfield code="2">lcc</subfield>
  </datafield>
  <datafield tag="999" ind1=" " ind2=" ">
    <subfield code="c">74727</subfield>
    <subfield code="d">74727</subfield>
  </datafield>
  <datafield tag="998" ind1=" " ind2=" ">
    <subfield code="j">104</subfield>
    <subfield code="k"> &#xE19;&#xE32;&#xE07;&#xE2A;&#xE32;&#xE27;&#xE2A;&#xE32;&#xE22;&#xE1D;&#xE19;  &#xE14;&#xE35;&#xE07;&#xE32;&#xE21;</subfield>
  </datafield>
  <datafield tag="952" ind1=" " ind2=" ">
    <subfield code="0">0</subfield>
    <subfield code="1">0</subfield>
    <subfield code="2">lcc</subfield>
    <subfield code="4">0</subfield>
    <subfield code="7">0</subfield>
    <subfield code="8">CGBL</subfield>
    <subfield code="a">NALT</subfield>
    <subfield code="b">NALT</subfield>
    <subfield code="e">&#xE08;&#xE31;&#xE14;&#xE0B;&#xE37;&#xE49;&#xE2D;&#xE17;&#xE23;&#xE31;&#xE1E;&#xE22;&#xE32;&#xE01;&#xE23;</subfield>
    <subfield code="l">0</subfield>
    <subfield code="o">TR 897.7 &#xE2D;226&#xE27;</subfield>
    <subfield code="p">3961203993</subfield>
    <subfield code="r">2017-06-09 00:00:00</subfield>
    <subfield code="w">2017-06-09</subfield>
    <subfield code="y">GB</subfield>
  </datafield>
</record>
